Score 0/101 Timer 13:00
2 Plays Today
% Correct
Andersen
88.3%
Kipling
87.7%
Doyle
87.6%
Obama
87.1%
Brontë
86.8%
Verne
86.7%
Dumas
85.6%
Eliot
84.6%
Lewis
84.4%
Plath
82.3%
Vonnegut
81.3%
Miller
79.5%
Bradbury
79.2%
Lawrence
78.7%
Asimov
78.6%
Rand
76.2%
London
75.7%
du Maurier
75.4%
Adams
75.3%
Ibsen
74.3%
Clarke
73.9%
Beckett
72.3%
Burroughs
71.6%
White
71%
Milton
70.9%
McCarthy
69.5%
Waugh
69.1%
Hardy
69%
Thompson
69%
Pasternak
68.9%
Burgess
68.7%
Nietzsche
68.4%
le Carré
68.2%
Ishiguro
67.3%
% Correct
Maugham
67.2%
Hosseini
66.8%
Updike
66.2%
Cooper
65.5%
Chandler
65.5%
Dick
64.9%
Mailer
64.8%
Buck
63.9%
Greene
63.7%
Hesse
63.2%
Hammett
63.1%
Tan
62.6%
McCourt
59.5%
Lindgren
57.8%
Balzac
57.8%
Kesey
57.4%
Allende
56.7%
Wilder
55.9%
Amis
54.1%
Smith
53.6%
Herbert
53.6%
Grahame
52.1%
Irving
51.7%
Palahniuk
51.6%
Grafton
50.9%
Lessing
48.9%
Fielding
48.4%
Crane
47.7%
Collins
47.6%
Bulgakov
47.3%
Remarque
47%
L'Engle
46.4%
Grass
46%
Turgenev
45.8%
% Correct
Hurston
45.4%
Carle
45.4%
Wallace
44.2%
Kingsolver
44.2%
Spark
44%
Pynchon
43.8%
Kundera
43.3%
Calvino
42.6%
Tartt
42.4%
Graves
41.3%
Mamet
40.6%
Heinlein
39.8%
McCullers
38.6%
Wolfe
38.5%
Dreiser
38%
Zusak
36.8%
Warren
36.6%
DeLillo
36.5%
Eugenides
34.8%
Byatt
34.8%
Toole
33.4%
Wright
32.4%
Trumbo
32%
Tyler
29.5%
Paton
26.1%
Golden
24.9%
Bemelmans
24.6%
O'Brien
23.2%
Jacques
22%
Koestler
21.7%
Rey
21.6%
Bridwell
20.9%
Farley
17.5%
Remove Ads.
Support Sporcle.
Get the best of Sporcle when you Go Orange. This ad-free experience offers more features, more stats, and more fun while also helping to support Sporcle. Thank you for becoming a member.

You're not logged in!

Compare scores with friends on all Sporcle quizzes.
OR
Log In

Show Comments

Extras

Top Quizzes Today


Score Distribution

Your Account Isn't Verified!

In order to create a playlist on Sporcle, you need to verify the email address you used during registration. Go to your Sporcle Settings to finish the process.

Report this User

Report this user for behavior that violates our Community Guidelines.

Details: